| 000 | 00536nam a22001217a 4500 | ||
|---|---|---|---|
| 040 | _cRUA | ||
| 082 | _aDVM PHA 2025 B707 Or.1 | ||
| 100 | _aPHAN PHANIT, ផន ផានិត | ||
| 245 | _aEvaluation of pig lung lesion and scoring in slaughterhouse in tbong khmum province, ការវាយតម្លៃស្លាកស្នាមលើសួតជ្រូក នៅទីសត្តឃាត ខេត្តត្បូងឃ្មុំ | ||
| 260 |
_aPHNOM PENH _bRUA _c2025 |
||
| 300 |
_ax,33p. _bill. _c29cm. |
||
| 942 | _cNRM | ||
| 999 |
_c25703 _d25703 |
||